| 000 | 00954nam a22002777a 4500 | ||
|---|---|---|---|
| 001 | BR8702901 | ||
| 003 | BR-BrBNA | ||
| 005 | 20230928092541.0 | ||
| 007 | ta | ||
| 008 | 230509b bl.||||| |||| 00| 0 por d | ||
| 040 |
_aBR-BrBNA _bpor _cBiblioteca Nacional de Agricultura |
||
| 041 | _a(Por) | ||
| 072 |
_aQ60 _b8968 |
||
| 090 | _ 8968 BR8702901 | ||
| 100 | 1 | _aBohnenberger, J.C. | |
| 110 | 1 |
_aUniversidade Federal de Vicosa, MG (Brasil). Depto. de Engenharia Civil _910982 |
|
| 111 | 1 |
_a11. Congresso Brasileiro de Engenharia Sanitaria e Ambiental _cFortaleza, CE (Brazil) _d20-25 Sep 1981 |
|
| 245 | 1 | _aUma contribuicao ao tratamento dos efluentes de curtumes | |
| 260 | 3 |
_aVicosa, MG (Brasil): _c1981. |
|
| 300 | _a15 p. | ||
| 500 | _a(*) Documento disponível no(a) Universidade Federal de Vicosa, MG (Brazil). Depto. de Engenharia Civil | ||
| 650 | _aCOURO | ||
| 650 | _aCURTUME | ||
| 909 |
_a202309 _bLucia _c55 _dLucia Elande |
||
| 942 | _cBK | ||
| 999 |
_c39752 _d39752 |
||